Top 20 Most Famous Small Countries - Statistics

General Stats
  • This quiz has been taken 155 times
  • The average score is 15 of 20
Answer Stats
% Country % Correct
97 Vatican City
97%
86 Liechtenstein
90%
90 Monaco
88%
88 San Marino
88%
86 Andorra
85%
89 Luxembourg
83%
82 Nauru
80%
83 Fiji
79%
86 St Kitts and Nevis
77%
82 Tonga
77%
85 Palau
75%
83 Tuvalu
75%
81 Marshall Islands
72%
83 Malta
70%
81 Barbados
67%
80 Kiribati
67%
81 Bahamas
65%
81 Trinidad and Tobago
60%
79 Dominica
58%
82 Seychelles
53%
No matching quizzes found
Score Distribution
Percent of People with Each Score
Percentile by Number Answered
Your Score History
You have not taken this quiz